[Event "BCF-chT2 2324 (4NCL)"]
[Site "England"]
[Date "2024.02.11"]
[Round "6.46"]
[White "Farrand, Tom"]
[Black "Samarakoon, Vivash Ransara"]
[Result "1/2-1/2"]
[WhiteElo "2060"]
[BlackElo "1806"]
[PlyCount "106"]
[EventDate "2023.11.11"]
[EventType "team-tourn"]
[EventRounds "11"]
[EventCountry "ENG"]
[SourceTitle "CB11_2024"]
[SourceDate "2024.03.13"]
[SourceVersion "1"]
[SourceVersionDate "2024.03.13"]
[SourceQuality "1"]
[WhiteTeam "CSC/Kingston"]
[BlackTeam "Anglian Avengers"]
[WhiteTeamCountry "ENG"]
[BlackTeamCountry "ENG"]

1. c4 e5 2. g3 Nf6 3. Bg2 c6 4. Nc3 Bc5 5. e3 0-0 6. Nge2 h6 7. 0-0 d6 8. d4 Bb6 9. b3 Bf5 10. Ba3 exd4 11. Nxd4 Bg4 12. Nde2 Bc7 13. h3 Be6 14. Qd4 Qc8 15. Nf4 Rd8 16. Rad1 Na6 17. Nxe6 Qxe6 18. Bb2 Bb6 19. Qh4 Kh7 20. g4 Qe5 21. Na4 Qg5 22. Qxg5 hxg5 23. Nxb6 axb6 24. a3 Ne8 25. Be4+ Kg8 26. Kg2 Nc5 27. Bc2 Nc7 28. Rh1 d5 29. b4 N5e6 30. cxd5 Rxd5 31. Bb3 Rdd8 32. Kg3 c5 33. h4 gxh4+ 34. Kxh4 b5 35. bxc5 Nxc5 36. Bc2 N7e6 37. g5 Rac8 38. g6 Na4 39. gxf7+ Kxf7 40. Bxa4 Rh8+ 41. Kg3 Rxh1 42. Rxh1 bxa4 43. Rd1 Ke7 44. f4 Rc5 45. Be5 Rb5 46. Bd6+ Ke8 47. Kg4 Rb3 48. e4 b6 49. Kf5 Nd8 50. e5 Kf7 51. Bc7 g6+ 52. Ke4 Ne6 53. Bd6 Rc3 1/2-1/2

[Event "Wch Seniors 50 30th"]
[Site "Assisi"]
[Date "2022.11.18"]
[Round "4"]
[White "Pietinen, Pekka"]
[Black "Farrand, Tom"]
[Result "0-1"]
[WhiteElo "1927"]
[BlackElo "2137"]
[PlyCount "108"]
[EventDate "2022.11.15"]
[EventType "swiss"]
[EventRounds "11"]
[EventCountry "ITA"]
[SourceTitle "CBM 211 Extra"]
[Source "ChessBase"]
[SourceDate "2023.01.31"]
[SourceVersion "1"]
[SourceVersionDate "2023.01.31"]
[SourceQuality "1"]

1. d4 f5 2. Bg5 h6 3. Bh4 g5 4. e3 Bg7 5. Bg3 d6 6. h4 Nf6 7. hxg5 hxg5 8. Rxh8+ Bxh8 9. Nh3 g4 10. Nf4 c6 11. c4 Ne4 12. Nc3 Qa5 13. Bh2 e5 14. Nfe2 Be6 15. d5 Bf7 16. Qb3 Nd7 17. f3 gxf3 18. gxf3 Nec5 19. Qa3 Qxa3 20. bxa3 Nb6 21. 0-0-0 Nxc4 22. Bg1 Rd8 23. Ng3 Nxa3 24. Nxf5 e4 25. Nxe4 Nxe4 26. fxe4 cxd5 27. Bd3 dxe4 28. Bxe4 d5 29. Bd3 Be5 30. Nd4 Rc8+ 31. Kb2 Nc4+ 32. Kb1 b5 33. Bf2 b4 34. Rc1 Nd2+ 35. Kb2 Nc4+ 36. Kb3 a5 37. Rd1 Nb6 38. Bb5+ Kf8 39. Be1 Bh5 40. Be2 Be8 41. Nb5 Bf7 42. Nd4 Nc4 43. Bf2 Nxe3 44. Rd3 Nc4 45. Bg4 Ra8 46. Ne6+ Ke7 47. Rxd5 Bxe6 48. Bxe6 Kxe6 49. Kxc4 a4 50. Rd2 Rc8+ 51. Kd3 Rd8+ 52. Ke2 Rxd2+ 53. Kxd2 b3 54. axb3 a3 0-1

[Event "BCF-chT3S 1819 (4NCL) Promotion pool"]
[Site "England"]
[Date "2019.05.04"]
[Round "9.32"]
[White "Okhai, Shabir"]
[Black "Farrand, Tom"]
[Result "1-0"]
[WhiteElo "2073"]
[BlackElo "2163"]
[PlyCount "65"]
[EventDate "2019.04.14"]
[EventType "team-tourn"]
[EventRounds "11"]
[EventCountry "ENG"]
[SourceTitle "EXT 2021"]
[Source "ChessBase"]
[SourceDate "2020.10.23"]
[SourceVersion "1"]
[SourceVersionDate "2020.10.23"]
[SourceQuality "1"]
[WhiteTeam "Fermented Sharks"]
[BlackTeam "CSC Dragons"]
[WhiteTeamCountry "ENG"]
[BlackTeamCountry "ENG"]

1. e4 c5 2. Nf3 e6 3. d4 cxd4 4. Nxd4 Nf6 5. Bd3 Nc6 6. Nxc6 dxc6 7. Nd2 e5 8. Nc4 Be7 9. 0-0 Qc7 10. f4 Bg4 11. Qe1 exf4 12. Bxf4 Qd7 13. Kh1 h5 14. Bg5 h4 15. e5 Nd5 16. Bxe7 Kxe7 17. Qf2 Be6 18. Qc5+ Kd8 19. Rad1 h3 20. g3 b6 21. Qf2 Kc7 22. Be4 Qe7 23. Nd6 Bg4 24. Rxd5 cxd5 25. Bxd5 Qxe5 26. Nb5+ Kb8 27. Qxf7 Bc8 28. Bxa8 Qxb5 29. Be4 Re8 30. Qf4+ Qe5 31. Bd3 Bb7+ 32. Kg1 Bg2 33. Re1 1-0

[Event "BCF-chT2a 1617 (4NCL)"]
[Site "England"]
[Date "2017.01.14"]
[Round "3.42"]
[White "Farrand, Tom"]
[Black "Graham, David Bruce"]
[Result "1/2-1/2"]
[WhiteElo "2156"]
[BlackElo "2177"]
[PlyCount "52"]
[EventDate "2016.11.19"]
[EventType "team-tourn"]
[EventRounds "11"]
[EventCountry "ENG"]
[SourceTitle "EXT 2019"]
[Source "ChessBase"]
[SourceDate "2018.10.10"]
[SourceVersion "1"]
[SourceVersionDate "2018.10.10"]
[SourceQuality "1"]
[WhiteTeam "CSC Dragons"]
[BlackTeam "Sussex Martlets"]
[WhiteTeamCountry "ENG"]
[BlackTeamCountry "ENG"]

1. e4 e6 2. d4 d5 3. Nc3 Bb4 4. e5 Ne7 5. Bd2 0-0 6. Nf3 f6 7. exf6 Rxf6 8. Bd3 c5 9. dxc5 Nbc6 10. Qe2 e5 11. 0-0-0 Bg4 12. Bxh7+ Kh8 13. Bg5 Bxc3 14. bxc3 Rf8 15. Be4 Qa5 16. h3 Bh5 17. Bxe7 Nxe7 18. Bxd5 Nxd5 19. Rxd5 Qxa2 20. Rhd1 Rad8 21. Qxe5 Bg6 22. R1d3 Bxd3 23. Rxd3 Rxd3 24. cxd3 Qxf2 25. Qh5+ Kg8 26. Qd5+ Kh8 1/2-1/2

[Event "BCF-chT2a 1617 (4NCL)"]
[Site "England"]
[Date "2016.11.20"]
[Round "2.31"]
[White "Rudd, Jack"]
[Black "Farrand, Tom"]
[Result "1-0"]
[WhiteElo "2212"]
[BlackElo "2156"]
[PlyCount "51"]
[EventDate "2016.11.19"]
[EventType "team-tourn"]
[EventRounds "11"]
[EventCountry "ENG"]
[SourceTitle "EXT 2019"]
[Source "ChessBase"]
[SourceDate "2018.10.10"]
[SourceVersion "1"]
[SourceVersionDate "2018.10.10"]
[SourceQuality "1"]
[WhiteTeam "West is Best"]
[BlackTeam "CSC Dragons"]
[WhiteTeamCountry "ENG"]
[BlackTeamCountry "ENG"]

1. d4 f5 2. c4 e6 3. Nc3 Bb4 4. e3 Nf6 5. Bd3 0-0 6. Nge2 b6 7. a3 Bxc3+ 8. Nxc3 Bb7 9. f3 Qe7 10. 0-0 d6 11. d5 Nbd7 12. dxe6 Qxe6 13. Nb5 Ne8 14. Nd4 Qe5 15. f4 Qf6 16. Bxf5 Nc5 17. b4 g6 18. bxc5 gxf5 19. c6 Bxc6 20. Nxc6 Qxa1 21. Qd5+ Kh8 22. Nd4 Ng7 23. g4 Qb1 24. gxf5 Nxf5 25. Nxf5 Qxf5 26. Bb2+ 1-0

[Event "BCF-chT2d 1516 (4NCL) Demotion pool"]
[Site "England"]
[Date "2016.05.01"]
[Round "10.26"]
[White "Friedgood, David"]
[Black "Farrand, Tom"]
[Result "1/2-1/2"]
[WhiteElo "2230"]
[BlackElo "2177"]
[PlyCount "34"]
[EventDate "2015.11.14"]
[EventType "team-tourn"]
[EventRounds "4"]
[EventCountry "ENG"]
[SourceTitle "EXT 2017"]
[Source "ChessBase"]
[SourceDate "2016.10.25"]
[SourceVersion "1"]
[SourceVersionDate "2016.10.25"]
[SourceQuality "1"]
[WhiteTeam "MK Phoenix"]
[BlackTeam "BCM Dragons"]
[WhiteTeamCountry "ENG"]
[BlackTeamCountry "ENG"]

1. Nf3 e6 2. g3 f5 3. Bg2 Nf6 4. 0-0 Be7 5. d4 0-0 6. c4 d6 7. Nc3 Ne4 8. Qc2 Nxc3 9. Qxc3 a5 10. Rd1 Bf6 11. Qc2 Qe8 12. e4 e5 13. dxe5 dxe5 14. exf5 Qh5 15. Qe4 Qxf5 16. Qxf5 Bxf5 17. Be3 Nc6 1/2-1/2

[Event "BCF-chT2b 1516 (4NCL)"]
[Site "England"]
[Date "2016.01.24"]
[Round "4.15"]
[White "Lewis, Andrew P"]
[Black "Farrand, Tom"]
[Result "1-0"]
[WhiteElo "2283"]
[BlackElo "2188"]
[PlyCount "55"]
[EventDate "2015.11.14"]
[EventType "team-tourn"]
[EventRounds "7"]
[EventCountry "ENG"]
[SourceTitle "CBM 170 Extra"]
[Source "ChessBase"]
[SourceDate "2016.02.25"]
[SourceVersion "1"]
[SourceVersionDate "2016.02.25"]
[SourceQuality "1"]
[WhiteTeam "Anglian Avengers"]
[BlackTeam "BCM Dragons"]
[WhiteTeamCountry "ENG"]
[BlackTeamCountry "ENG"]

1. Nf3 f5 2. g3 Nf6 3. Bg2 e6 4. 0-0 Be7 5. d4 0-0 6. c4 d6 7. Nc3 Ne4 8. Qc2 Nxc3 9. bxc3 Nc6 10. d5 Na5 11. dxe6 Bxe6 12. Nd4 Bxc4 13. Nxf5 Bf6 14. Ne3 Bf7 15. Be4 h6 16. Rb1 c6 17. Rd1 Re8 18. c4 Qe7 19. Bf3 Qc7 20. Bd2 Rxe3 21. Bxa5 Qxa5 22. fxe3 Qc5 23. Rxb7 Bxc4 24. Rdb1 Re8 25. Kg2 d5 26. Qg6 Qxe3 27. Rb8 Kf8 28. Bh5 1-0

[Event "London Classic op 6th"]
[Site "London"]
[Date "2014.12.13"]
[Round "6"]
[White "Farrand, Tom"]
[Black "Milliet, Sophie"]
[Result "0-1"]
[WhiteElo "2172"]
[BlackElo "2387"]
[PlyCount "74"]
[EventDate "2014.12.08"]
[EventType "swiss"]
[EventRounds "9"]
[EventCountry "ENG"]
[SourceTitle "CBM 163 Extra"]
[Source "ChessBase"]
[SourceDate "2014.12.23"]
[SourceVersion "1"]
[SourceVersionDate "2014.12.23"]
[SourceQuality "1"]

1. e4 c5 2. Nc3 Nc6 3. f4 g6 4. Nf3 Bg7 5. Bb5 Nd4 6. 0-0 a6 7. Bc4 e6 8. d3 Ne7 9. Nxd4 cxd4 10. Ne2 d5 11. Bb3 0-0 12. Ng3 Kh8 13. Bd2 a5 14. a4 b6 15. Qf3 Ra7 16. Rad1 Rc7 17. f5 exf5 18. Bg5 f6 19. Bf4 Rc5 20. exf5 Nxf5 21. Nxf5 Bxf5 22. Rde1 b5 23. Qf2 bxa4 24. Qxd4 Rb5 25. Qxa4 Rb4 26. Qc6 Bxd3 27. Bc7 Qc8 28. cxd3 Rxb3 29. Re7 Rxb2 30. Qxd5 Qb7 31. Qxb7 Rxb7 32. Rfe1 a4 33. d4 a3 34. d5 a2 35. Ra1 Rb1+ 36. Re1 Rxe1+ 37. Rxe1 f5 0-1

[Event "BCF-chT2c 1314 (4NCL)"]
[Site "England"]
[Date "2014.05.03"]
[Round "9.27"]
[White "Farrand, Tom"]
[Black "Gordon Brown, Alexander"]
[Result "1-0"]
[WhiteElo "2168"]
[BlackElo "2010"]
[PlyCount "101"]
[EventDate "2013.11.16"]
[EventType "team-tourn"]
[EventRounds "11"]
[EventCountry "ENG"]
[SourceTitle "EXT 2015"]
[Source "ChessBase"]
[SourceDate "2014.11.20"]
[SourceVersion "1"]
[SourceVersionDate "2014.11.20"]
[SourceQuality "1"]
[WhiteTeam "BCM Dragons"]
[BlackTeam "Cambridge II"]
[WhiteTeamCountry "ENG"]
[BlackTeamCountry "ENG"]

1. e4 e6 2. d4 d5 3. Nc3 Nf6 4. Bg5 dxe4 5. Nxe4 Be7 6. Bxf6 gxf6 7. Nf3 Nd7 8. g3 a6 9. Bg2 b5 10. Nfd2 Rb8 11. 0-0 Bb7 12. Nb3 Bd5 13. Re1 c6 14. Qe2 0-0 15. Rad1 Qb6 16. Nbc5 Rbd8 17. Qg4+ Kh8 18. Qh4 Rg8 19. Nxd7 Rxd7 20. Nxf6 Bxf6 21. Qxf6+ Rg7 22. Bxd5 cxd5 23. Re5 Qd8 24. Qxd8+ Rxd8 25. Rd3 Rc8 26. c3 Rc6 27. f4 f6 28. Re2 Kg8 29. f5 exf5 30. Re8+ Kf7 31. Rd8 b4 32. Rxd5 bxc3 33. bxc3 Ke6 34. Ra5 Rb6 35. Re3+ Kf7 36. Rxf5 Rb1+ 37. Rf1 Rb2 38. Rf2 Rb1+ 39. Kg2 Rc1 40. Rd2 Rg5 41. d5 Re5 42. Rxe5 fxe5 43. Kf3 Ke7 44. d6+ Kd7 45. Ke4 Re1+ 46. Kd5 e4 47. Rf2 e3 48. Rf7+ Ke8 49. Re7+ Kf8 50. c4 e2 51. Kc5 1-0

[Event "London Classic op 5th"]
[Site "London"]
[Date "2013.12.14"]
[Round "8"]
[White "Farrand, Tom"]
[Black "Franklin, Samuel Gideon"]
[Result "0-1"]
[WhiteElo "2149"]
[BlackElo "2306"]
[PlyCount "90"]
[EventDate "2013.12.07"]
[EventType "swiss"]
[EventRounds "9"]
[EventCountry "ENG"]
[SourceTitle "CBM 157 Extra"]
[Source "ChessBase"]
[SourceDate "2013.12.19"]
[SourceVersion "1"]
[SourceVersionDate "2013.12.19"]
[SourceQuality "1"]

1. e4 e5 2. Nf3 Nc6 3. d4 exd4 4. Bc4 Bc5 5. c3 Nf6 6. cxd4 Bb4+ 7. Bd2 Bxd2+ 8. Nbxd2 d5 9. exd5 Nxd5 10. Qb3 Na5 11. Qa4+ Nc6 12. Qb3 Nce7 13. 0-0 0-0 14. Rfe1 c6 15. Ne4 Qb6 16. Nc5 Rd8 17. Rac1 Qxb3 18. Bxb3 Kf8 19. g3 h6 20. h4 Nc7 21. Ne5 Ned5 22. a4 Rb8 23. h5 Ne6 24. Nxe6+ Bxe6 25. Ng6+ fxg6 26. Rxe6 gxh5 27. Re5 Nf6 28. d5 cxd5 29. Rc7 Rd7 30. Rxd7 Nxd7 31. Rxd5 Nf6 32. Rc5 Rd8 33. Rc7 Rd7 34. Rxd7 Nxd7 35. a5 Nf6 36. Be6 Ke7 37. Bc8 b6 38. axb6 axb6 39. Bf5 Kd6 40. Kg2 Kd5 41. b3 Ne4 42. Bg6 h4 43. gxh4 Ke5 44. Be8 Kf4 45. Bd7 Nc5 0-1